La Mesura objectiva del treball escolar / Alexandre Galí ; pròleg de Vicenç Benedito i Jordi Monés
Descripción Física:
LVIII, 278 p. ; 20 cm
Colección:
Textos pedagògics ; 2
MARC
| LEADER | 00000nam a2200000Ia 4500 | ||
|---|---|---|---|
| 001 | 1613 | ||
| 008 | 160829s1984 xx 000 0 cat d | ||
| 080 | |a E-1-121 | ||
| 100 | 1 | |a Galí, Alexandre, |d 1886-1969 |9 25968 | |
| 245 | |a La Mesura objectiva del treball escolar / Alexandre Galí ; pròleg de Vicenç Benedito i Jordi Monés | ||
| 260 | |a Vic : |b Eumo ; Barcelona : |b Diputació de Barcelona, |c 1984 | ||
| 300 | |a LVIII, 278 p. ; |c 20 cm | ||
| 490 | |a Textos pedagògics ; 2 | ||
| 650 | |a Educació |9 25969 | ||
| 650 | |a Galí, Alexandre |x Biografia |9 25970 | ||
| 700 | 1 | |a Benedito Antolí, Vicente |9 25971 | |
| 700 | |a Monés i Pujol-Busquets, Jordi, pr. |9 25972 | ||
| 710 | 1 | |a Barcelona (Catalunya : Província). |b Diputació |9 52408 | |
| 901 | |a Arxiu | ||
| 942 | |n 1 | ||
| 952 | |0 0 |1 0 |4 0 |6 E1121 |7 1 |9 43845 |a Arxiu |b Arxiu |d 2016-12-01 |l 0 |o E-1-121 |p 1613 |r 2016-12-01 00:00:00 |w 2016-12-01 |y ARXIU | ||
| 999 | |c 46424 |d 46424 | ||